1904 1762 1691 1276 1198 1239 1968 1876 1636 1198 1389 1699 1620 1691 1445 1183 1431 1412 1573 1496 1298 1822 1861 1998 1777 1948 1882 1816 1445 1733 1903 1239 1861 1456 1340 1204 1688 1905 1723 1044 1098 1666 1638 1481 1987 1974 1129 1223 1865 1423 1633 1843 1653 1869 1650 1876 1906 1729 1022 1627 1423 1899 1814 1542 1802 1883 1591 1756 1473 1619 1538 1871 1035 1988 1809 1066 1214 1784 1086 1706 1289 1323 1313 1124 1703 1909 1237 1685 1380 1331 1287 1420 1362 1529 1529 1337 1823 1699 1739 BCNSPRNW ULIB Ver.6.0+V

เปลี่ยนเป็นภาษาไทย

Change to English
 แสดงรายละเอียดบรรณานุกรม
  กลับหน้าหลัก

Brief Record : Get Marc (ISO 2709) : E-mail record : QR code < ปิดหน้าต่าง
LEADER : 00000nam 2200000uu 4500
001    13399127976
003     ULIB
008    211124s2564||||th 000 0 tha d
020    ^a9789740339205
050  4 ^aBF201^bพ625จ
100 0  ^aพาสนา จุลรัตน์
245 10 ^aจิตวิทยาการรู้คิด =^bCognitive psychology /^cพาสนา จุลรัตน์
246 31 ^aCognitive psychology
260    ^aกรุงเทพฯ :^bสำนักพิมพ์จุฬาลงกรณ์มหาวิทยาลัย,^c2564
300    ^aฒ, 453 หน้า :^bภาพประกอบ
650  4 ^aจิตวิทยาการรู้คิด
650  4 ^aการรู้คิด
945    ^p440^l0^i29142
945    ^p440^l0^i29143
999    ^aกัณชพร จุลอักษร
รายการนี้ยังไม่มีแท็ก
คุณยังไม่ได้ล็อกอิน คุณสามารถมีกิจกรรมร่วมกับเว็บไซต์ได้ แต่ต้องล็อกอินก่อน ::
  ล็อกอิน

รายการสื่อสารสนเทศ

ลำดับที่ ประเภท เลขเรียก/บาร์โค้ด สถานที่ สถานะ
1. หนังสือสำรอง
หนังสือสำรอง
BF201 พ625จ ฉ.1 
  Barcode: 29142
ห้องสมุดวิทยาเขตนครสวรรค์
►หนังสือทั่วไป:l:General Books
บนชั้น
2. วิทยาศาสตร์การแพทย์ และสุขภาพ
วิทยาศาสตร์การแพทย์ และสุขภาพ
BF201 พ625จ ฉ.2 
  Barcode: 29143
ห้องสมุดวิทยาเขตนครสวรรค์
►หนังสือทั่วไป:l:General Books
บนชั้น

รายการใกล้เคียง
    ผู้แต่ง [พาสนา จุลรัตน์]

    หัวเรื่อง [จิตวิทยาการรู้คิด]
    หัวเรื่อง [การรู้คิด]

BibComment


ยังไม่เคยถูกคอมเมนท์

คอมเมนท์ทรัพยากรรายการนี้
  คอมเมนท์: จิตวิทยาการรู้คิ..


 Copyright 2026. Bcnsprnw @Library